00489nam a2200181Ia 4500003000400000005001700004008004100021020001800062040000700080041000800087082002000095100002200115245008500137260003600222300001500258365001700273650001700290OSt20230518141409.0210423s2002 xx 000 0 und d a0-12-476249-2 cAL aeng a576.64 MART223 aMARUTA (Hiroshi). aTumor suppressing viruses genes and drugs: innovative cancer therapy approaches. aBangalorebAcademic Pressc2002 axv,425bPB b6299.37cUSD aMicrobiology